000 00655nam a2200229 a 4500
001 BRL_1347
005 20190320211147.0
008 080114s1979----u--ao#####---#000-0#eng-#
041 _aeng
044 _au
050 4 _aE99.P25
_b.D49 1979
100 1 _aDeWald, Terry
_926603
245 1 0 _aThe Papago indians and their Basketry
_cText and Photography by Terry DeWald.
260 _aTucson, Arizona
_c1979
300 _a48 p.
_bil., fotografías (a color), mapas
_c28 cm.
500 _aAu1486
504 _aBibliografía: p. 47
650 1 4 _aCestas Tohono O´odham
_926604
650 1 4 _aPapago
_xCestería
_926605
902 _aGRL
942 _2lcc
_cB
999 _c10159
_d10159